000 00640nam a2200217 u 4500
005 20220916063613.0
008 141022s2007 r 000 0 eng d
020 _a9789681683238
035 _aUPN01000200491
049 _aI
050 4 _aQA141.3
_bL8.6
100 1 _aLuján, Jorge
_932768
245 1 0 _aNumeralia /
_cJorge Luján ; il. Isol.
260 _aMéxico :
_bFCE,
_c2007.
300 _a[26] p. :
_bil. col. principalmente
440 4 _aLos especiales de A la orilla del viento
650 7 _aLibros ilustrados para niños
_2
_921365
650 4 _aNUMEROS EN LA LITERATURA
_912996
905 _aInfantil
999 _c172592
_d172592